[Event "Solingen-ch"]
[Site "Solingen"]
[Date "2015.11.20"]
[Round "6"]
[White "Johann, Hans Werner"]
[Black "Barche, Uwe"]
[Result "1/2-1/2"]
[WhiteElo "1332"]
[BlackElo "1412"]
[PlyCount "52"]
[EventDate "2015.09.04"]
[EventType "swiss"]
[EventRounds "7"]
[EventCountry "GER"]
[SourceTitle "EXT 2018"]
[Source "ChessBase"]
[SourceDate "2017.10.13"]
[SourceVersion "1"]
[SourceVersionDate "2017.10.13"]
[SourceQuality "1"]

1. d4 e6 2. a3 d5 3. e3 c5 4. dxc5 Bxc5 5. b4 Bd6 6. Nf3 a6 7. Be2 Nf6 8. Nbd2 0-0 9. Bb2 Nc6 10. 0-0 Re8 11. c4 b6 12. cxd5 Nxd5 13. Qc2 Bb7 14. Nc4 Bc7 15. Rfd1 Qe7 16. Bd3 h6 17. Be4 Nf6 18. Bd3 e5 19. e4 b5 20. Ne3 Rad8 21. Nf5 Qe6 22. Bc3 Ne7 23. Nxe7+ Qxe7 24. Rac1 Nd7 25. Qe2 Qe6 26. Qb2 Bd6 1/2-1/2

[Event "Solingen-ch"]
[Site "Solingen"]
[Date "2015.10.02"]
[Round "3"]
[White "Moeller, Laura"]
[Black "Johann, Hans Werner"]
[Result "1/2-1/2"]
[WhiteElo "1736"]
[BlackElo "1332"]
[PlyCount "53"]
[EventDate "2015.09.04"]
[EventType "swiss"]
[EventRounds "7"]
[EventCountry "GER"]
[SourceTitle "EXT 2018"]
[Source "ChessBase"]
[SourceDate "2017.10.13"]
[SourceVersion "1"]
[SourceVersionDate "2017.10.13"]
[SourceQuality "1"]

1. c4 e5 2. Nc3 Nc6 3. g3 Nf6 4. Bg2 Be7 5. Nf3 d6 6. 0-0 0-0 7. e4 a6 8. d4 exd4 9. Nxd4 Nxd4 10. Qxd4 c5 11. Qd3 Rb8 12. Nd5 Be6 13. Nxe7+ Qxe7 14. b3 Rfd8 15. Qc3 Ne8 16. Bf4 f6 17. Rad1 b6 18. Be3 a5 19. f4 Bc8 20. f5 Bb7 21. Rf4 Qe5 22. Qc2 Nc7 23. a3 Ba6 24. Qe2 b5 25. cxb5 Bxb5 26. Qh5 Qe8 27. Qxe8+ 1/2-1/2

[Event "Leverkusen Bayer op 9th"]
[Site "Leverkusen"]
[Date "2011.03.14"]
[Round "5"]
[White "Jakobi, Reik"]
[Black "Johann, Hans Werner"]
[Result "1-0"]
[WhiteElo "1663"]
[BlackElo "1335"]
[PlyCount "87"]
[EventDate "2011.01.10"]
[EventType "swiss"]
[EventRounds "7"]
[EventCountry "GER"]
[SourceTitle "EXT 2012"]
[Source "ChessBase"]
[SourceDate "2011.11.24"]
[SourceVersion "1"]
[SourceVersionDate "2011.11.24"]
[SourceQuality "1"]

1. e4 e5 2. Nf3 Nc6 3. Bc4 d6 4. d3 h6 5. 0-0 Nf6 6. h3 Be7 7. a3 0-0 8. Nc3 Be6 9. Nd5 Nxd5 10. exd5 Na5 11. dxe6 Nxc4 12. exf7+ Rxf7 13. dxc4 c5 14. Qd5 Qc7 15. Re1 Raf8 16. Re4 Qc6 17. Rg4 Qxd5 18. cxd5 Kh7 19. Be3 b5 20. b4 Bf6 21. Re4 cxb4 22. axb4 Ra8 23. Ra6 Rd7 24. Nd2 Rc7 25. c4 bxc4 26. Rxc4 Rd7 27. Ne4 Be7 28. Rcc6 Rb8 29. Rxa7 Rxa7 30. Bxa7 Rxb4 31. Nxd6 Rb1+ 32. Kh2 Rd1 33. Nf5 Bg5 34. h4 Bf6 35. Ne3 Rd2 36. Kg3 Ra2 37. Bb8 Ra4 38. Ng4 Ra3+ 39. f3 e4 40. Nxf6+ gxf6 41. Rxf6 e3 42. Re6 Ra8 43. Bf4 Rg8+ 44. Kh3 1-0

[Event "Leverkusen Bayer op 9th"]
[Site "Leverkusen"]
[Date "2011.02.07"]
[Round "3"]
[White "Liebsch, Ulrich"]
[Black "Johann, Hans Werner"]
[Result "1-0"]
[WhiteElo "1731"]
[BlackElo "1335"]
[PlyCount "102"]
[EventDate "2011.01.10"]
[EventType "swiss"]
[EventRounds "7"]
[EventCountry "GER"]
[SourceTitle "EXT 2012"]
[Source "ChessBase"]
[SourceDate "2011.11.24"]
[SourceVersion "1"]
[SourceVersionDate "2011.11.24"]
[SourceQuality "1"]

1. e4 e5 2. Nf3 d6 3. Bc4 h6 4. d4 exd4 5. Nxd4 Nf6 6. Nc3 a6 7. 0-0 Be7 8. Re1 0-0 9. Be3 c5 10. Nf3 Bg4 11. h3 Bxf3 12. Qxf3 b5 13. Bf1 Nbd7 14. Rad1 Rc8 15. Qg3 Nh5 16. Qg4 Nhf6 17. Qf4 Ne5 18. Nd5 Nxd5 19. Rxd5 Qd7 20. Qxe5 dxe5 21. Rxd7 Rfe8 22. Red1 c4 23. R1d5 f6 24. Be2 Kh7 25. Bg4 Ra8 26. Bf5+ g6 27. Be6 Kg7 28. Bc5 Kf8 29. Bxe7+ Rxe7 30. Rd8+ Re8 31. Rxa8 Rxa8 32. Rd7 a5 33. Rh7 Ra6 34. Bd5 f5 35. f3 g5 36. Rb7 b4 37. Bxc4 Rd6 38. Bd5 Rd8 39. c4 Ra8 40. c5 a4 41. Rxb4 Ra7 42. Rb8+ Ke7 43. Rb7+ Rxb7 44. Bxb7 Kd7 45. b3 axb3 46. axb3 Kc7 47. Bd5 Kb8 48. b4 Ka7 49. b5 Kb8 50. b6 Kc8 51. c6 Kb8 1-0

[Event "Leverkusen Bayer op 9th"]
[Site "Leverkusen"]
[Date "2011.01.24"]
[Round "2"]
[White "Johann, Hans Werner"]
[Black "Remmler, Dirk"]
[Result "1/2-1/2"]
[WhiteElo "1335"]
[BlackElo "1743"]
[PlyCount "55"]
[EventDate "2011.01.10"]
[EventType "swiss"]
[EventRounds "7"]
[EventCountry "GER"]
[SourceTitle "EXT 2012"]
[Source "ChessBase"]
[SourceDate "2011.11.24"]
[SourceVersion "1"]
[SourceVersionDate "2011.11.24"]
[SourceQuality "1"]

1. d4 d5 2. e3 Nf6 3. c4 e6 4. a3 c6 5. b4 Nbd7 6. Nc3 Be7 7. Nf3 0-0 8. cxd5 exd5 9. Be2 Re8 10. 0-0 a6 11. Ne5 Bd6 12. f4 Nb6 13. Na4 Nxa4 14. Qxa4 Ne4 15. Qc2 Qe7 16. Bd3 f6 17. Bxe4 dxe4 18. Nc4 Bc7 19. Qf2 Be6 20. Nd2 Rad8 21. Bb2 f5 22. Rfc1 Qf7 23. Qe2 Rd6 24. Nc4 Bxc4 25. Qxc4 h6 26. Qxf7+ Kxf7 27. Rc5 g6 28. Rac1 1/2-1/2

[Event "Leverkusen-ch op"]
[Site "Leverkusen"]
[Date "2010.04.26"]
[Round "7"]
[White "Johann, Hans Werner"]
[Black "Axmann, Michael"]
[Result "0-1"]
[WhiteElo "1320"]
[BlackElo "1675"]
[PlyCount "72"]
[EventDate "2010.01.18"]
[EventType "swiss"]
[EventRounds "7"]
[EventCountry "GER"]
[SourceTitle "EXT 2011"]
[Source "ChessBase"]
[SourceDate "2010.11.26"]
[SourceVersion "1"]
[SourceVersionDate "2010.11.26"]
[SourceQuality "1"]

1. Nf3 e6 2. b3 d5 3. Bb2 c5 4. d4 Nf6 5. e3 Nc6 6. Be2 Bd7 7. 0-0 cxd4 8. exd4 Be7 9. Nbd2 0-0 10. a3 Rc8 11. c4 dxc4 12. bxc4 Na5 13. Ne5 Bc6 14. Nxc6 Nxc6 15. Nb3 a5 16. a4 Qc7 17. c5 Rfd8 18. Qc1 Nd5 19. Bf3 h6 20. Bxd5 Rxd5 21. f4 Rcd8 22. Qe3 Bf6 23. Rfd1 b6 24. Rac1 bxc5 25. Nxc5 Qb6 26. Qb3 Nb4 27. Rc4 Qa7 28. Qe3 Be7 29. Rdc1 g5 30. g3 Qb6 31. Nb3 Qd6 32. Qf2 Nd3 33. Qc2 Nxc1 34. Qxc1 Bf6 35. Rc6 Qb4 36. Rc8 Qxb3 0-1

[Event "Leverkusen-ch op"]
[Site "Leverkusen"]
[Date "2010.03.22"]
[Round "5"]
[White "Van Kempen, Heinz Erich"]
[Black "Johann, Hans Werner"]
[Result "1-0"]
[WhiteElo "2097"]
[BlackElo "1320"]
[PlyCount "47"]
[EventDate "2010.01.18"]
[EventType "swiss"]
[EventRounds "7"]
[EventCountry "GER"]
[SourceTitle "EXT 2011"]
[Source "ChessBase"]
[SourceDate "2010.11.26"]
[SourceVersion "1"]
[SourceVersionDate "2010.11.26"]
[SourceQuality "1"]

1. e4 c5 2. d4 cxd4 3. c3 dxc3 4. Nxc3 a6 5. Nf3 e6 6. Bf4 d6 7. Bc4 b5 8. Bb3 Be7 9. 0-0 Nc6 10. Rc1 Bb7 11. Qe2 Qc7 12. Rfd1 Rd8 13. a3 Nf6 14. Nd5 exd5 15. exd5 Nxd5 16. Bxd5 0-0 17. Bxc6 Bxc6 18. Nd4 Rfe8 19. Nxc6 g5 20. Nxe7+ Rxe7 21. Qg4 f5 22. Qxg5+ Rg7 23. Rxc7 Rxg5 24. Bxg5 1-0

[Event "Leverkusen-ch op"]
[Site "Leverkusen"]
[Date "2010.01.18"]
[Round "1"]
[White "Gnass, Arno"]
[Black "Johann, Hans Werner"]
[Result "1-0"]
[WhiteElo "1877"]
[BlackElo "1320"]
[PlyCount "55"]
[EventDate "2010.01.18"]
[EventType "swiss"]
[EventRounds "7"]
[EventCountry "GER"]
[SourceTitle "EXT 2011"]
[Source "ChessBase"]
[SourceDate "2010.11.26"]
[SourceVersion "1"]
[SourceVersionDate "2010.11.26"]
[SourceQuality "1"]

1. d4 d5 2. c4 dxc4 3. e3 e6 4. Bxc4 a6 5. Nf3 Nf6 6. 0-0 Be7 7. Nc3 0-0 8. a3 b5 9. Bd3 Nbd7 10. b4 Bb7 11. Bb2 Bxf3 12. Qxf3 Qc8 13. Rac1 Nb6 14. Rfd1 Nbd5 15. e4 Nxc3 16. Rxc3 Qd7 17. Rc2 Rac8 18. Rdc1 Rfd8 19. Rc6 Ne8 20. Rxa6 Nd6 21. Rac6 Nc4 22. Bxc4 Qxc6 23. d5 Qb6 24. Bb3 exd5 25. Bxd5 Rf8 26. Rc6 Qb8 27. Qg3 g6 28. Qe5 1-0